KIPF Research Paper (Record no. 7134)

MARC details
000 -LEADER
fixed length control field 00399nas a22001817i 4500
001 - CONTROL NUMBER
control field 8524
003 - CONTROL NUMBER IDENTIFIER
control field OSt
005 - DATE AND TIME OF LATEST TRANSACTION
control field 20170216211014.0
007 - PHYSICAL DESCRIPTION FIXED FIELD--GENERAL INFORMATION
fixed length control field tu
008 - FIXED-LENGTH DATA ELEMENTS--GENERAL INFORMATION
fixed length control field 161220s xxu||||| |||| 00| 0 d
024 7# - OTHER STANDARD IDENTIFIER
Standard number or code 8524
Source of number or code RID
040 ## - CATALOGING SOURCE
Transcribing agency OSt
110 2# - MAIN ENTRY--CORPORATE NAME
Corporate name or jurisdiction name as entry element Korea Institute of Public Finance
245 00 - TITLE STATEMENT
Title KIPF Research Paper
260 ## - PUBLICATION, DISTRIBUTION, ETC.
Place of publication, distribution, etc. Seoul :
Name of publisher, distributor, etc. KIPF.
866 #0 - TEXTUAL HOLDINGS--BASIC BIBLIOGRAPHIC UNIT
-- einzelne Hefte vorhanden
910 2# - USER-OPTION DATA (OCLC)
User-option data KIPF
942 ## - ADDED ENTRY ELEMENTS (KOHA)
Koha item type Paper
Holdings
Withdrawn status Lost status Damaged status Not for loan Home library Current library Shelving location Date acquired Serial Enumeration / chronology Inventory number Total Checkouts Barcode Date last seen Price effective from Koha item type
        WIIW WIIW Library 03/05/2014 2012,1-10 8524   10006093 01/26/2017 01/26/2017 Paper
The Vienna Instiute for International Economic Studies (wiiw)